Dictionary of phrasal verbs

Zapisane w:
Opis bibliograficzny
Format: Książka
Język:angielski
Wydane: Londres HarperCollins 1989
Seria:Collins Cobuild
Hasła przedmiotowe:
Etykiety: Dodaj etykietę
Nie ma etykietki, Dołącz pierwszą etykiete!

MARC

LEADER 00000nam a2200000 a 4500
001 UCL1996
003 CL-VaPUC
008 030926e19890000UK |||||||||||||||||eng|d
020 |a 000375023X 
082 0 4 |a 423  |b DIC  |2 21 
245 1 0 |a Dictionary of phrasal verbs 
300 |a 492 p 
942 |c BK 
945 |d 20030926 00:00:00  |a cmena 
260 |a Londres  |b HarperCollins  |c 1989 
650 0 |a Verbos  |9 310738 
650 0 |a Inglés  |9 260023 
650 0 |a Diccionarios  |9 256200 
650 0 |a Educación lingüística  |9 306506 
583 |a last modification  |c 20030926 00:00:00  |k Rodrigo Vera 
490 0 |a Collins Cobuild 
999 |c 305420  |d 305418 
952 |0 0  |1 0  |4 0  |6 423_000000000000000_DIC_1989  |7 0  |8 X  |9 369290  |a BIBEDU  |b BIBEDU  |d 2019-11-21  |i 3947742  |o 423 DIC 1989  |p 3947742  |r 2023-01-13  |w 2019-11-21  |y BK_X  |k LIT